Sport en Images - I - Statistiques

Statistiques générales
  • Ce quiz a été pris 56 fois
  • Le résultat moyen est 5 sur 12
Statistiques - réponses
Par images Hint Réponse % Correct
Equipementier Intersport
89%
Club de Serie A Inter Milan
83%
Sportif Zlatan Ibrahimovic
74%
Club de NBA Indiana Pacers
48%
Rassemblement Ironman
43%
Sportif Andres Inesta
41%
Sportif Kyrie Irving
35%
Sportif Allen Iverson
24%
Discipline Indoor Soccer
9%
Discipline Iaido
2%
Discipline Ice Climbing
2%
Discipline Intercrosse
0%
Aucun quiz correspondant
Distribution des résultats
% des personnes avec chaque résultat
Percentile par nombre de réponses
Votre historique - résultats
Vous n’avez pas pris ce quiz